[Event "OeISM B U10"]
[Site "AUT_boys_U10"]
[Date "2020.12.13"]
[Round "2"]
[White "Widder2010"]
[Black "Alain 007"]
[Result "1-0"]
[WhiteElo "1631"]
[BlackElo "1580"]
[Annotator "NA RC"]
[PlyCount "92"]
[EventDate "2020.12.13"]
[EventType "blitz"]

1. d4 {[%emt 0:00:02]} d5 {[%emt 0:00:09]} 2. c4 {[%emt 0:00:03]} c6 {[%emt 0:00:10]} 3. Nc3 {[%emt 0:00:03]} Nf6 {[%emt 0:00:06]} 4. Bf4 {[%emt 0:00:03]} Bf5 {[%emt 0:00:11]} 5. e3 {[%emt 0:00:05]} e6 {[%emt 0:00:04]} 6. cxd5 {[%emt 0:00:04]} exd5 {[%emt 0:00:06]} 7. Bd3 {[%emt 0:00:04]} Bxd3 {[%emt 0:00:06]} 8. Qxd3 {[%emt 0:00:03]} Nbd7 {[%emt 0:00:16]} 9. Nf3 {[%emt 0:00:05]} Be7 {[%emt 0:00:17]} 10. h3 {[%emt 0:00:07]} O-O {[%emt 0:00:05]} 11. O-O {[%emt 0:00:05]} h6 {[%emt 0:00:21]} 12. a3 {[%emt 0:00:16]} Nh5 {[%emt 0:00:27]} 13. Bh2 {[%emt 0:00:06]} c5 {[%emt 0:00:10]} 14. Nxd5 {[%emt 0:00:25]} cxd4 {[%emt 0:00:09]} 15. Nxd4 {[%emt 0:00:06]} Ne5 {[%emt 0:00:09]} 16. Nxe7+ {[%emt 0:00:06]} Qxe7 {[%emt 0:00:06]} 17. Bxe5 {[%emt 0:00:04]} Qxe5 {[%emt 0:00:02]} 18. Nf3 {[%emt 0:00:04]} Qxb2 {[%emt 0:00:14]} 19. Rfb1 {[%emt 0:00:14]} Qf6 {[%emt 0:00:17]} 20. Ra2 {[%emt 0:00:08]} Qe6 {[%emt 0:00:07]} 21. Rab2 {[%emt 0:00:06]} b6 {[%emt 0:00:15]} 22. Nd4 {[%emt 0:00:07]} Qf6 {[%emt 0:00:23]} 23. Rb5 {[%emt 0:00:15]} g6 {[%emt 0:00:22]} 24. Rc1 {[%emt 0:00:38]} Rad8 {[%emt 0:00:24]} 25. Rb2 {[%emt 0:00:25]} Qg5 {[%emt 0:00:14]} 26. Qf1 {[%emt 0:00:12]} Qf6 {[%emt 0:00:39]} 27. Rbc2 {[%emt 0:00:08]} Rc8 {[%emt 0:00:11]} 28. Rxc8 {[%emt 0:00:07]} Rxc8 {[%emt 0:00:03]} 29. Rxc8+ {[%emt 0:00:04]} Kg7 {[%emt 0:00:01]} 30. Qc1 {[%emt 0:00:21]} Kh7 {[%emt 0:00:38]} 31. Qc3 {[%emt 0:00:22]} Qg5 {[%emt 0:00:33]} 32. Ne6 {[%emt 0:00:28]} Qf6 {[%emt 0:00:34]} 33. Qxf6 {[%emt 0:00:07]} Nxf6 {[%emt 0:00:03]} 34. Nd4 {[%emt 0:00:08]} g5 {[%emt 0:00:08]} 35. Rc7 {[%emt 0:00:07]} Kg6 {[%emt 0:00:06]} 36. Rxa7 {[%emt 0:00:03]} Ne4 {[%emt 0:00:07]} 37. Ra6 {[%emt 0:00:11]} f6 {[%emt 0:00:07]} 38. Rxb6 {[%emt 0:00:03]} Nd2 {[%emt 0:00:05]} 39. a4 {[%emt 0:00:04]} Nc4 {[%emt 0:00:03]} 40. Rb4 {[%emt 0:00:07]} Na5 {[%emt 0:00:05]} 41. Rb5 {[%emt 0:00:10]} Nc4 {[%emt 0:00:04]} 42. a5 {[%emt 0:00:03]} Nd6 {[%emt 0:00:03]} 43. Rb6 {[%emt 0:00:03]} Nc4 {[%emt 0:00:03]} 44. Rb5 {[%emt 0:00:05]} Nd6 {[%emt 0:00:04]} 45. Rd5 {[%emt 0:00:04]} Nb7 {[%emt 0:00:07]} 46. a6 {[%emt 0:00:03]} Na5 {[%emt 0:00:05] Alain 007 resigns} 1-0

[Event "OeISM B U10"]
[Site "AUT_boys_U10"]
[Date "2020.12.13"]
[Round "2"]
[White "Chesstornado2011"]
[Black "Martinovicdavid"]
[Result "0-1"]
[WhiteElo "1529"]
[BlackElo "1692"]
[Annotator "NA RC"]
[PlyCount "108"]
[EventDate "2020.12.13"]
[EventType "blitz"]

1. e4 {[%emt 0:00:04]} e5 {[%emt 0:00:02]} 2. Nf3 {[%emt 0:00:04]} Nc6 {[%emt 0:00:03]} 3. Bc4 {[%emt 0:00:02]} Bc5 {[%emt 0:00:03]} 4. Nc3 {[%emt 0:00:02]} Nf6 {[%emt 0:00:07]} 5. d3 {[%emt 0:00:04]} h6 {[%emt 0:00:05]} 6. Be3 {[%emt 0:00:05]} Bb6 {[%emt 0:00:07]} 7. O-O {[%emt 0:00:05]} O-O {[%emt 0:00:03]} 8. Bb5 {[%emt 0:00:11]} d6 {[%emt 0:00:03]} 9. Bxc6 {[%emt 0:00:03]} bxc6 {[%emt 0:00:02]} 10. Qd2 {[%emt 0:00:06]} Bg4 {[%emt 0:01:15]} 11. Qe2 {[%emt 0:00:29]} d5 {[%emt 0:00:17]} 12. Bxb6 {[%emt 0:00:23]} axb6 {[%emt 0:00:14]} 13. Qe3 {[%emt 0:00:11]} d4 {[%emt 0:00:09]} 14. Qe2 {[%emt 0:00:20]} dxc3 {[%emt 0:00:04]} 15. bxc3 {[%emt 0:00:01]} Nh5 {[%emt 0:00:25]} 16. Qe3 {[%emt 0:00:20]} Qf6 {[%emt 0:00:13]} 17. Nd2 {[%emt 0:00:13]} Nf4 {[%emt 0:00:14]} 18. Rab1 {[%emt 0:00:18]} Qg6 {[%emt 0:00:52]} 19. Nc4 {[%emt 0:00:11]} Be2 {[%emt 0:00:05]} 20. Qg3 {[%emt 0:00:14]} Bxf1 {[%emt 0:00:47]} 21. Qxg6 {[%emt 0:00:12]} Nxg6 {[%emt 0:00:13]} 22. Rxf1 {[%emt 0:00:02]} Rxa2 {[%emt 0:00:04]} 23. Rc1 {[%emt 0:00:07]} f5 {[%emt 0:00:10]} 24. exf5 {[%emt 0:00:18]} Rxf5 {[%emt 0:00:04]} 25. f3 {[%emt 0:00:02]} Nf4 {[%emt 0:00:11]} 26. Ne3 {[%emt 0:00:08]} Ne2+ {[%emt 0:00:06]} 27. Kf2 {[%emt 0:00:05]} Nxc1 {[%emt 0:00:02]} 28. Nxf5 {[%emt 0:00:03]} Nxd3+ {[%emt 0:00:06]} 29. Ke3 {[%emt 0:00:06]} Nf4 {[%emt 0:00:15]} 30. Ne7+ {[%emt 0:00:06]} Kh7 {[%emt 0:00:07]} 31. Nxc6 {[%emt 0:00:05]} Nxg2+ {[%emt 0:00:12]} 32. Ke4 {[%emt 0:00:06]} Rxc2 {[%emt 0:00:03]} 33. Nxe5 {[%emt 0:00:04]} Rxc3 {[%emt 0:00:04]} 34. Kd4 {[%emt 0:00:04]} Rc5 {[%emt 0:00:08]} 35. Nd3 {[%emt 0:00:06]} Rg5 {[%emt 0:00:05]} 36. Ke4 {[%emt 0:00:08]} c5 {[%emt 0:00:13]} 37. f4 {[%emt 0:00:07]} Rg4 {[%emt 0:00:23]} 38. Kf3 {[%emt 0:00:07]} Nxf4 {[%emt 0:00:15]} 39. Nxf4 {[%emt 0:00:14]} Rxf4+ {[%emt 0:00:02]} 40. Kxf4 {[%emt 0:00:02]} Kg6 {[%emt 0:00:07]} 41. Ke3 {[%emt 0:00:00]} Kf5 {[%emt 0:00:03]} 42. Kd3 {[%emt 0:00:00]} g5 {[%emt 0:00:03]} 43. Kc4 {[%emt 0:00:00]} h5 {[%emt 0:00:03]} 44. Kb5 {[%emt 0:00:01]} h4 {[%emt 0:00:03]} 45. Kxb6 {[%emt 0:00:02]} c4 {[%emt 0:00:02]} 46. Kb5 {[%emt 0:00:00]} c3 {[%emt 0:00:01]} 47. Kb4 {[%emt 0:00:00]} c2 {[%emt 0:00:01]} 48. Kb3 {[%emt 0:00:00]} c1=Q {[%emt 0:00:01]} 49. Ka2 {[%emt 0:00:00]} Qc6 {[%emt 0:00:06]} 50. h3 {[%emt 0:00:00]} Qb7 {[%emt 0:00:04]} 51. Ka1 {[%emt 0:00:03]} Ke4 {[%emt 0:00:01]} 52. Ka2 {[%emt 0:00:00]} Kd3 {[%emt 0:00:01]} 53. Ka3 {[%emt 0:00:02]} Kc3 {[%emt 0:00:02]} 54. Ka4 {[%emt 0:00:01]} Qb4# {[%emt 0:00:02] Mate Mate} 0-1

[Event "OeISM B U10"]
[Site "AUT_boys_U10"]
[Date "2020.12.13"]
[Round "2"]
[White "Derenick2010"]
[Black "BeatG10"]
[Result "0-1"]
[WhiteElo "1526"]
[BlackElo "1258"]
[Annotator "NA RC"]
[PlyCount "82"]
[EventDate "2020.12.13"]
[EventType "blitz"]

1. e4 {[%emt 0:00:04]} e6 {[%emt 0:00:02]} 2. Nf3 {[%emt 0:00:02]} d5 {[%emt 0:00:01]} 3. exd5 {[%emt 0:00:02]} exd5 {[%emt 0:00:01]} 4. Qe2+ {[%emt 0:00:02]} Be6 {[%emt 0:00:04]} 5. Qb5+ {[%emt 0:00:06]} Nc6 {[%emt 0:00:16]} 6. Qxb7 {[%emt 0:00:07]} Na5 {[%emt 0:00:46]} 7. Bb5+ {[%emt 0:00:06]} Ke7 {[%emt 0:01:30]} 8. Qa6 {[%emt 0:01:02]} Nc4 {[%emt 0:01:01]} 9. Bxc4 {[%emt 0:00:04]} dxc4 {[%emt 0:00:03]} 10. Qa3+ {[%emt 0:00:04]} Ke8 {[%emt 0:00:05]} 11. O-O {[%emt 0:00:06]} Bxa3 {[%emt 0:00:01]} 12. Nxa3 {[%emt 0:00:04]} Nf6 {[%emt 0:00:14]} 13. b3 {[%emt 0:00:17]} cxb3 {[%emt 0:00:05]} 14. cxb3 {[%emt 0:00:03]} Bd5 {[%emt 0:00:48]} 15. d4 {[%emt 0:00:10]} Bxf3 {[%emt 0:00:02]} 16. gxf3 {[%emt 0:00:02]} Qxd4 {[%emt 0:00:25]} 17. Be3 {[%emt 0:00:09]} Qd6 {[%emt 0:01:09]} 18. Nb5 {[%emt 0:00:05]} Qc6 {[%emt 0:00:41]} 19. Nd4 {[%emt 0:00:03]} Qd7 {[%emt 0:00:41]} 20. Rad1 {[%emt 0:00:08]} Rd8 {[%emt 0:00:13]} 21. Rd2 {[%emt 0:00:21]} c5 {[%emt 0:00:13]} 22. Ne2 {[%emt 0:00:38]} Qc6 {[%emt 0:00:24]} 23. Kg2 {[%emt 0:00:23]} Rxd2 {[%emt 0:00:03]} 24. Re1 {[%emt 0:00:10]} Rxa2 {[%emt 0:00:38]} 25. Nc3 {[%emt 0:00:03]} Ra6 {[%emt 0:00:05]} 26. Bxc5+ {[%emt 0:00:06]} Kd7 {[%emt 0:00:08]} 27. Rd1+ {[%emt 0:00:08]} Kc7 {[%emt 0:00:08]} 28. Bd6+ {[%emt 0:00:12]} Qxd6 {[%emt 0:00:05]} 29. Nb5+ {[%emt 0:00:02]} Kd7 {[%emt 0:00:09]} 30. Rxd6+ {[%emt 0:00:16]} Rxd6 {[%emt 0:00:00]} 31. Nxd6 {[%emt 0:00:06]} Kxd6 {[%emt 0:00:00]} 32. Kg3 {[%emt 0:00:04]} Rb8 {[%emt 0:00:01]} 33. b4 {[%emt 0:00:02]} Rxb4 {[%emt 0:00:01]} 34. Kg2 {[%emt 0:00:02]} a5 {[%emt 0:00:01]} 35. Kf1 {[%emt 0:00:01]} a4 {[%emt 0:00:02]} 36. Ke2 {[%emt 0:00:01]} a3 {[%emt 0:00:01]} 37. Kd2 {[%emt 0:00:01]} a2 {[%emt 0:00:01]} 38. Kc3 {[%emt 0:00:01]} Rb8 {[%emt 0:00:03]} 39. Kd3 {[%emt 0:00:03]} a1=Q {[%emt 0:00:01]} 40. Ke3 {[%emt 0:00:02]} Qc3+ {[%emt 0:00:04]} 41. Kf4 {[%emt 0:00:01]} Qe5# {[%emt 0:00:04] Mate Mate} 0-1

[Event "OeISM B U10"]
[Site "AUT_boys_U10"]
[Date "2020.12.13"]
[Round "2"]
[White "Chessroman"]
[Black "philip2010"]
[Result "0-1"]
[WhiteElo "1524"]
[BlackElo "1883"]
[Annotator "NA RC"]
[PlyCount "114"]
[EventDate "2020.12.13"]
[EventType "blitz"]

1. e4 {[%emt 0:00:04]} d6 {[%emt 0:00:06]} 2. d4 {[%emt 0:00:12]} Nf6 {[%emt 0:00:03]} 3. Bd3 {[%emt 0:00:14]} e5 {[%emt 0:00:04]} 4. dxe5 {[%emt 0:00:12]} dxe5 {[%emt 0:00:00]} 5. Bg5 {[%emt 0:00:31]} Be7 {[%emt 0:00:19]} 6. Nf3 {[%emt 0:00:23]} Nbd7 {[%emt 0:00:05]} 7. O-O {[%emt 0:00:11]} O-O {[%emt 0:00:02]} 8. Bb5 {[%emt 0:00:14]} c6 {[%emt 0:00:06]} 9. Bd3 {[%emt 0:00:14]} h6 {[%emt 0:00:06]} 10. Bxf6 {[%emt 0:00:11]} Bxf6 {[%emt 0:00:00]} 11. Nbd2 {[%emt 0:00:11]} Qc7 {[%emt 0:00:06]} 12. Qe2 {[%emt 0:00:13] Chessroman offers a draw} b6 {[%emt 0:00:27]} 13. Rad1 {[%emt 0:00:24]} Bb7 {[%emt 0:00:06]} 14. Rfe1 {[%emt 0:00:10]} Rad8 {[%emt 0:00:07]} 15. Qe3 {[%emt 0:00:39]} Rfe8 {[%emt 0:00:31]} 16. Bf1 {[%emt 0:00:17]} Nf8 {[%emt 0:00:20]} 17. Nb3 {[%emt 0:00:14]} Ne6 {[%emt 0:00:15]} 18. Rd3 {[%emt 0:00:17]} Nf4 {[%emt 0:00:13]} 19. Rd2 {[%emt 0:00:17]} Rxd2 {[%emt 0:00:10]} 20. Qxd2 {[%emt 0:00:12]} Rd8 {[%emt 0:00:07]} 21. Qe3 {[%emt 0:00:07]} c5 {[%emt 0:00:18]} 22. Be2 {[%emt 0:00:40]} Qc6 {[%emt 0:00:39]} 23. Bd3 {[%emt 0:00:22]} c4 {[%emt 0:00:14]} 24. Rd1 {[%emt 0:00:34]} cxb3 {[%emt 0:00:33]} 25. axb3 {[%emt 0:00:09]} Qc5 {[%emt 0:00:27]} 26. Qxc5 {[%emt 0:00:15]} bxc5 {[%emt 0:00:00]} 27. Ra1 {[%emt 0:00:10]} Nxd3 {[%emt 0:00:25]} 28. cxd3 {[%emt 0:00:05]} Rxd3 {[%emt 0:00:08]} 29. h3 {[%emt 0:00:23]} Bxe4 {[%emt 0:00:18]} 30. Rxa7 {[%emt 0:00:15]} Bxf3 {[%emt 0:00:07]} 31. gxf3 {[%emt 0:00:02]} Rxf3 {[%emt 0:00:03]} 32. Rc7 {[%emt 0:00:12]} Rxh3 {[%emt 0:00:10]} 33. Rxc5 {[%emt 0:00:04]} Rxb3 {[%emt 0:00:05]} 34. Rc2 {[%emt 0:00:07]} e4 {[%emt 0:00:05]} 35. Re2 {[%emt 0:00:03]} e3 {[%emt 0:00:21]} 36. fxe3 {[%emt 0:00:09]} Rxb2 {[%emt 0:00:07]} 37. Re1 {[%emt 0:00:11]} Ra2 {[%emt 0:00:03]} 38. e4 {[%emt 0:00:07]} Ra1 {[%emt 0:00:02]} 39. Rxa1 {[%emt 0:00:06]} Bxa1 {[%emt 0:00:00]} 40. Kf2 {[%emt 0:00:01]} Be5 {[%emt 0:00:01]} 41. Kf3 {[%emt 0:00:01]} f6 {[%emt 0:00:00]} 42. Kg4 {[%emt 0:00:02]} Kf7 {[%emt 0:00:01]} 43. Kf5 {[%emt 0:00:02]} g6+ {[%emt 0:00:02]} 44. Kg4 {[%emt 0:00:02]} Ke6 {[%emt 0:00:03]} 45. Kf3 {[%emt 0:00:02]} f5 {[%emt 0:00:01]} 46. exf5+ {[%emt 0:00:02]} Kxf5 {[%emt 0:00:00]} 47. Ke3 {[%emt 0:00:02]} h5 {[%emt 0:00:01]} 48. Kf3 {[%emt 0:00:01]} g5 {[%emt 0:00:01]} 49. Kg2 {[%emt 0:00:01]} Kf4 {[%emt 0:00:01]} 50. Kf2 {[%emt 0:00:01]} h4 {[%emt 0:00:01]} 51. Kg2 {[%emt 0:00:01]} g4 {[%emt 0:00:01]} 52. Kh2 {[%emt 0:00:02]} Kf3+ {[%emt 0:00:02]} 53. Kg1 {[%emt 0:00:01]} Bd4+ {[%emt 0:00:01]} 54. Kh2 {[%emt 0:00:02]} g3+ {[%emt 0:00:02]} 55. Kh1 {[%emt 0:00:07]} g2+ {[%emt 0:00:01]} 56. Kh2 {[%emt 0:00:01]} g1=Q+ {[%emt 0:00:02]} 57. Kh3 {[%emt 0:00:01]} Qg3# {[%emt 0:00:01] Mate Mate} 0-1

[Event "OeISM B U10"]
[Site "AUT_boys_U10"]
[Date "2020.12.13"]
[Round "2"]
[White "Janoschluis"]
[Black "Codeman1980"]
[Result "0-1"]
[WhiteElo "1436"]
[BlackElo "1625"]
[Annotator "NA RC"]
[PlyCount "60"]
[EventDate "2020.12.13"]
[EventType "blitz"]

1. e4 {[%emt 0:00:02]} c5 {[%emt 0:00:05]} 2. Nf3 {[%emt 0:00:03]} d6 {[%emt 0:00:02]} 3. d4 {[%emt 0:00:02]} cxd4 {[%emt 0:00:02]} 4. Nxd4 {[%emt 0:00:05]} Nf6 {[%emt 0:00:02]} 5. Bb5+ {[%emt 0:00:06]} Bd7 {[%emt 0:00:05]} 6. Bxd7+ {[%emt 0:00:02]} Qxd7 {[%emt 0:00:03]} 7. Nc3 {[%emt 0:00:02]} Nc6 {[%emt 0:00:03]} 8. Be3 {[%emt 0:00:06]} a6 {[%emt 0:00:03]} 9. O-O {[%emt 0:00:07]} g6 {[%emt 0:00:06]} 10. Kh1 {[%emt 0:00:03]} Bg7 {[%emt 0:00:03]} 11. f4 {[%emt 0:00:04]} O-O {[%emt 0:00:12]} 12. Qf3 {[%emt 0:00:10]} Ng4 {[%emt 0:00:24]} 13. f5 {[%emt 0:00:15]} Nxe3 {[%emt 0:00:07]} 14. Qxe3 {[%emt 0:00:03]} Bxd4 {[%emt 0:00:14]} 15. Qh6 {[%emt 0:00:15]} Bg7 {[%emt 0:00:06]} 16. Qg5 {[%emt 0:00:10] Janoschluis offers a draw} Rac8 {[%emt 0:01:06]} 17. Nd5 {[%emt 0:00:26]} Qd8 {[%emt 0:00:37]} 18. Rae1 {[%emt 0:00:15]} e6 {[%emt 0:00:20]} 19. Qxd8 {[%emt 0:00:37]} Rfxd8 {[%emt 0:00:28]} 20. Nb6 {[%emt 0:00:21]} Rc7 {[%emt 0:00:19]} 21. f6 {[%emt 0:00:21]} Bh6 {[%emt 0:00:23]} 22. Nc4 {[%emt 0:00:09]} b5 {[%emt 0:00:16]} 23. Nd2 {[%emt 0:00:13]} Bxd2 {[%emt 0:00:03]} 24. Re2 {[%emt 0:00:05]} Ba5 {[%emt 0:00:11]} 25. e5 {[%emt 0:00:08]} dxe5 {[%emt 0:00:09]} 26. Rxe5 {[%emt 0:00:09]} Nxe5 {[%emt 0:00:02]} 27. c4 {[%emt 0:00:07]} Rxc4 {[%emt 0:00:06]} 28. b4 {[%emt 0:00:05]} Rxb4 {[%emt 0:00:13]} 29. a3 {[%emt 0:00:05]} Rf4 {[%emt 0:00:04]} 30. a4 {[%emt 0:00:05]} Rxf1# {[%emt 0:00:04] Mate} 0-1

[Event "OeISM B U10"]
[Site "AUT_boys_U10"]
[Date "2020.12.13"]
[Round "2"]
[White "Felix808"]
[Black "MK2801"]
[Result "1-0"]
[WhiteElo "1430"]
[BlackElo "1164"]
[Annotator "NA RC"]
[PlyCount "67"]
[EventDate "2020.12.13"]
[EventType "blitz"]

1. e4 {[%emt 0:00:03]} e5 {[%emt 0:00:02]} 2. Nf3 {[%emt 0:00:03]} Nc6 {[%emt 0:00:01]} 3. Bc4 {[%emt 0:00:03]} Bc5 {[%emt 0:00:04]} 4. Nc3 {[%emt 0:00:05]} Nf6 {[%emt 0:00:04]} 5. d3 {[%emt 0:00:02]} h6 {[%emt 0:00:04]} 6. O-O {[%emt 0:00:04]} O-O {[%emt 0:00:03]} 7. Be3 {[%emt 0:00:02]} Bb6 {[%emt 0:00:05]} 8. h3 {[%emt 0:00:06]} d6 {[%emt 0:00:07]} 9. a4 {[%emt 0:00:02]} Re8 {[%emt 0:00:10]} 10. Qb1 {[%emt 0:00:05]} Be6 {[%emt 0:00:18]} 11. Bxe6 {[%emt 0:00:07]} Rxe6 {[%emt 0:00:01]} 12. b4 {[%emt 0:00:17]} d5 {[%emt 0:00:13]} 13. exd5 {[%emt 0:00:14]} Nxd5 {[%emt 0:00:00]} 14. Bd2 {[%emt 0:00:05]} Ndxb4 {[%emt 0:00:16]} 15. a5 {[%emt 0:00:03]} Bc5 {[%emt 0:00:13]} 16. Nb5 {[%emt 0:00:20]} a6 {[%emt 0:00:10]} 17. Na3 {[%emt 0:00:09]} Rb8 {[%emt 0:00:28]} 18. Bxb4 {[%emt 0:00:19]} Nxb4 {[%emt 0:00:00]} 19. c3 {[%emt 0:00:11]} Nc6 {[%emt 0:00:09]} 20. Nc4 {[%emt 0:00:22]} Ba7 {[%emt 0:00:44]} 21. Rd1 {[%emt 0:00:39]} b5 {[%emt 0:00:18]} 22. Ne3 {[%emt 0:00:10]} Bxe3 {[%emt 0:00:11]} 23. fxe3 {[%emt 0:00:04]} Rd6 {[%emt 0:00:06]} 24. Ra3 {[%emt 0:00:28]} Rd5 {[%emt 0:00:13]} 25. Rb3 {[%emt 0:00:22]} e4 {[%emt 0:00:24]} 26. Ne1 {[%emt 0:00:16]} exd3 {[%emt 0:00:03]} 27. Rxd3 {[%emt 0:00:05]} Rxd3 {[%emt 0:00:02]} 28. Nxd3 {[%emt 0:00:02]} Qxd3 {[%emt 0:00:02]} 29. Qxd3 {[%emt 0:00:02]} Nxa5 {[%emt 0:00:09]} 30. Rb1 {[%emt 0:00:10]} c5 {[%emt 0:00:16]} 31. Qd6 {[%emt 0:00:19]} Ra8 {[%emt 0:00:19]} 32. Qxc5 {[%emt 0:00:08]} Nb7 {[%emt 0:00:02]} 33. Qc6 {[%emt 0:00:07]} Na5 {[%emt 0:00:18]} 34. Qxa8+ {[%emt 0:00:04] MK2801 resigns} 1-0

[Event "OeISM B U10"]
[Site "AUT_boys_U10"]
[Date "2020.12.13"]
[Round "2"]
[White "Hugo_11"]
[Black "Nikolaus2709"]
[Result "0-1"]
[WhiteElo "1359"]
[BlackElo "1468"]
[Annotator "NA RC"]
[PlyCount "120"]
[EventDate "2020.12.13"]
[EventType "blitz"]

1. e4 {[%emt 0:00:05]} c5 {[%emt 0:00:02]} 2. Nf3 {[%emt 0:00:04]} d6 {[%emt 0:00:04]} 3. Bb5+ {[%emt 0:00:06]} Nc6 {[%emt 0:00:02]} 4. Bxc6+ {[%emt 0:00:02]} bxc6 {[%emt 0:00:01]} 5. Nc3 {[%emt 0:00:03]} Nf6 {[%emt 0:00:03]} 6. O-O {[%emt 0:00:02]} g6 {[%emt 0:00:02]} 7. e5 {[%emt 0:00:06]} Nd5 {[%emt 0:00:04]} 8. Nxd5 {[%emt 0:00:03]} cxd5 {[%emt 0:00:02]} 9. exd6 {[%emt 0:00:01]} Qxd6 {[%emt 0:00:06]} 10. d4 {[%emt 0:00:08]} c4 {[%emt 0:00:18]} 11. g3 {[%emt 0:00:09]} Bg7 {[%emt 0:00:02]} 12. Bf4 {[%emt 0:00:06]} Qc6 {[%emt 0:00:12]} 13. Be5 {[%emt 0:00:16]} O-O {[%emt 0:00:07]} 14. Bxg7 {[%emt 0:00:04]} Kxg7 {[%emt 0:00:02]} 15. Ne5 {[%emt 0:00:06]} Qf6 {[%emt 0:00:19]} 16. Qf3 {[%emt 0:00:10]} Qe6 {[%emt 0:00:19]} 17. Rfe1 {[%emt 0:00:15]} Qf6 {[%emt 0:01:16]} 18. Qxd5 {[%emt 0:00:13]} Be6 {[%emt 0:00:09]} 19. Qf3 {[%emt 0:00:13]} Rad8 {[%emt 0:00:17]} 20. Qxf6+ {[%emt 0:00:14]} exf6 {[%emt 0:00:02]} 21. Nf3 {[%emt 0:00:07]} Bg4 {[%emt 0:00:13]} 22. Kg2 {[%emt 0:00:02]} Bxf3+ {[%emt 0:00:22]} 23. Kxf3 {[%emt 0:00:04]} Rxd4 {[%emt 0:00:02]} 24. c3 {[%emt 0:00:02]} Rd2 {[%emt 0:00:05]} 25. b4 {[%emt 0:00:05]} Rc2 {[%emt 0:00:13]} 26. Rac1 {[%emt 0:00:04]} Rxa2 {[%emt 0:00:05]} 27. b5 {[%emt 0:00:09]} Rb8 {[%emt 0:00:06]} 28. Rb1 {[%emt 0:00:08]} Rc2 {[%emt 0:00:03]} 29. Re7 {[%emt 0:00:13]} Rxc3+ {[%emt 0:00:05]} 30. Ke2 {[%emt 0:00:07]} Ra3 {[%emt 0:00:03]} 31. Rc1 {[%emt 0:00:17]} Ra4 {[%emt 0:00:13]} 32. Rxc4 {[%emt 0:00:09]} Rxc4 {[%emt 0:00:03]} 33. Kd3 {[%emt 0:00:02]} Ra4 {[%emt 0:00:06]} 34. Kc3 {[%emt 0:00:02]} Ra5 {[%emt 0:00:11]} 35. Kb4 {[%emt 0:00:07]} Rbxb5+ {[%emt 0:00:03]} 36. Kc4 {[%emt 0:00:06]} Rb8 {[%emt 0:00:13]} 37. Kd4 {[%emt 0:00:26]} Ra8 {[%emt 0:00:03]} 38. f4 {[%emt 0:00:08]} Rf5 {[%emt 0:00:05]} 39. h3 {[%emt 0:00:04]} a5 {[%emt 0:00:02]} 40. g4 {[%emt 0:00:04]} Rb5 {[%emt 0:00:13]} 41. Kc4 {[%emt 0:00:02]} Rb1 {[%emt 0:00:09]} 42. Re4 {[%emt 0:00:09]} a4 {[%emt 0:00:03]} 43. Kc3 {[%emt 0:00:02]} a3 {[%emt 0:00:02]} 44. Kc2 {[%emt 0:00:04]} Rbb8 {[%emt 0:00:02]} 45. Re1 {[%emt 0:00:05]} a2 {[%emt 0:00:02]} 46. Ra1 {[%emt 0:00:04]} f5 {[%emt 0:00:04]} 47. g5 {[%emt 0:00:03]} f6 {[%emt 0:00:03]} 48. gxf6+ {[%emt 0:00:02]} Kxf6 {[%emt 0:00:02]} 49. h4 {[%emt 0:00:02]} Ke6 {[%emt 0:00:02]} 50. Kd3 {[%emt 0:00:03]} Rb1 {[%emt 0:00:07]} 51. Rxa2 {[%emt 0:00:08]} Rxa2 {[%emt 0:00:02]} 52. Kc3 {[%emt 0:00:01]} Rh2 {[%emt 0:00:04]} 53. Kd3 {[%emt 0:00:02]} Rh3+ {[%emt 0:00:05]} 54. Kd4 {[%emt 0:00:02]} Rb4+ {[%emt 0:00:02]} 55. Kc5 {[%emt 0:00:01]} Rxf4 {[%emt 0:00:02]} 56. Kc6 {[%emt 0:00:02]} Rc4+ {[%emt 0:00:02]} 57. Kb5 {[%emt 0:00:04]} Rc8 {[%emt 0:00:03]} 58. Kb6 {[%emt 0:00:02]} Rb3+ {[%emt 0:00:02]} 59. Ka7 {[%emt 0:00:01]} Rc1 {[%emt 0:00:04] Hugo_11 reconnected.} 60. Ka6 {[%emt 0:02:24]} Ra1# {[%emt 0:00:03] Mate Mate} 0-1

[Event "OeISM B U10"]
[Site "AUT_boys_U10"]
[Date "2020.12.13"]
[Round "2"]
[White "Max003"]
[Black "DenizK2011"]
[Result "1-0"]
[WhiteElo "1346"]
[BlackElo "1436"]
[Annotator "NA RC"]
[PlyCount "89"]
[EventDate "2020.12.13"]
[EventType "blitz"]

1. d4 {[%emt 0:00:03]} d5 {[%emt 0:00:02]} 2. Bf4 {[%emt 0:00:02]} Nc6 {[%emt 0:00:01]} 3. e3 {[%emt 0:00:02]} Bf5 {[%emt 0:00:03]} 4. c3 {[%emt 0:00:02]} Nf6 {[%emt 0:00:06]} 5. Bd3 {[%emt 0:00:02]} Ne4 {[%emt 0:00:06]} 6. Nd2 {[%emt 0:00:03]} Nxd2 {[%emt 0:00:13]} 7. Qxd2 {[%emt 0:00:02]} Bxd3 {[%emt 0:00:02]} 8. Qxd3 {[%emt 0:00:02]} f6 {[%emt 0:00:03]} 9. Nf3 {[%emt 0:00:04]} g6 {[%emt 0:00:12]} 10. O-O-O {[%emt 0:00:05]} Bg7 {[%emt 0:00:04]} 11. h4 {[%emt 0:00:06]} O-O {[%emt 0:00:09]} 12. h5 {[%emt 0:00:07]} g5 {[%emt 0:00:32]} 13. Bg3 {[%emt 0:00:09]} h6 {[%emt 0:00:17]} 14. Nd2 {[%emt 0:00:09]} e5 {[%emt 0:00:06]} 15. Qg6 {[%emt 0:00:08]} Qe8 {[%emt 0:00:11]} 16. f4 {[%emt 0:00:02]} Qxg6 {[%emt 0:00:26]} 17. hxg6 {[%emt 0:00:02]} e4 {[%emt 0:00:05]} 18. fxg5 {[%emt 0:00:03]} fxg5 {[%emt 0:00:07]} 19. Rdf1 {[%emt 0:00:14]} Rxf1+ {[%emt 0:00:06]} 20. Rxf1 {[%emt 0:00:02]} Rc8 {[%emt 0:00:12]} 21. Rf7 {[%emt 0:00:08]} Nd8 {[%emt 0:00:17]} 22. Rxc7 {[%emt 0:00:07]} Rxc7 {[%emt 0:00:04]} 23. Bxc7 {[%emt 0:00:02]} Ne6 {[%emt 0:00:03]} 24. Bg3 {[%emt 0:00:04]} Nf8 {[%emt 0:00:05]} 25. Nb3 {[%emt 0:00:03]} Nxg6 {[%emt 0:00:05]} 26. Bb8 {[%emt 0:00:04]} a6 {[%emt 0:00:06]} 27. Nc5 {[%emt 0:00:02]} Nh4 {[%emt 0:00:19]} 28. g3 {[%emt 0:00:05]} Ng2 {[%emt 0:00:10]} 29. Nxb7 {[%emt 0:00:03]} Nxe3 {[%emt 0:00:04]} 30. Nc5 {[%emt 0:00:02]} a5 {[%emt 0:00:07]} 31. Nb3 {[%emt 0:00:05]} Nc4 {[%emt 0:00:11]} 32. Kc2 {[%emt 0:00:04]} Bf6 {[%emt 0:00:16]} 33. Bc7 {[%emt 0:00:03]} a4 {[%emt 0:00:04]} 34. Nc5 {[%emt 0:00:05]} a3 {[%emt 0:00:09]} 35. bxa3 {[%emt 0:00:04]} Nxa3+ {[%emt 0:00:03]} 36. Kb3 {[%emt 0:00:01]} Nc4 {[%emt 0:00:08]} 37. a4 {[%emt 0:00:03]} Kf7 {[%emt 0:00:15]} 38. Kb4 {[%emt 0:00:03]} Ke7 {[%emt 0:00:02]} 39. a5 {[%emt 0:00:05]} Ke8 {[%emt 0:00:05]} 40. a6 {[%emt 0:00:02]} Bd8 {[%emt 0:00:16]} 41. a7 {[%emt 0:00:03]} Bxc7 {[%emt 0:00:32]} 42. a8=Q+ {[%emt 0:00:03]} Ke7 {[%emt 0:00:01]} 43. Qxd5 {[%emt 0:00:06]} Nb6 {[%emt 0:00:23]} 44. Qe6+ {[%emt 0:00:06]} Kd8 {[%emt 0:00:09]} 45. Nb7# {[%emt 0:00:07] Mate Mate} 1-0